Meri Bal kahaniyam (Hindi) (Record no. 75478)

MARC details
000 -LEADER
fixed length control field 00218nam a22000977a 4500
020 ## - INTERNATIONAL STANDARD BOOK NUMBER
ISBN 978-81-86504-79-6
082 ## - DEWEY DECIMAL CLASSIFICATION NUMBER
Classification number 811.214.21 PRA
100 ## - MAIN ENTRY--AUTHOR NAME
Personal name PRASAD, Jayashankar
245 ## - TITLE STATEMENT
Title Meri Bal kahaniyam (Hindi)
942 ## - ADDED ENTRY ELEMENTS (KOHA)
Koha item type Books
Holdings
Withdrawn status Lost status Damaged status Not for loan Home library Current library Date acquired Source of acquisition Cost, normal purchase price Full call number Accession Number Koha item type
        RRII Library RRII Library 02/04/2025 Complementary copy from Hindi Section, Rubber Board 350.00 811.214.21 PRA G01749 Books